Score 0/30 Timer 05:00
0 Plays Today
% Correct
Valley Girls
96.9%
Yuppies
92.6%
crack
90.6%
homeboy
89.4%
pencil you in
89.1%
scrunchie
87.4%
chill out
86.9%
just say 'no'
85.3%
dweeb
84.8%
like
83.8%
airhead
83.4%
hacker
82.6%
down
81.7%
barf me out
80.2%
wig out
79.7%
% Correct
psyched
78.8%
fresh
77%
bodacious
76.8%
grody
75.2%
bogus
74.8%
wannabe
74.8%
bag your face
73.5%
totally
71.6%
cocooning
71.3%
boho
69.2%
for sure
68.9%
Clydesdale
68.4%
awesome
68.3%
motor
56.3%
ralph
48.1%

You're not logged in!

Compare scores with friends on all Sporcle quizzes.
OR
Log In

Sporcle TV

Today on Sporcle TV


Watch our educational content, quiz creation guides, and fun videos on Sporcle TV.

Show Comments

Extras

Top Quizzes Today


Score Distribution

Paid Content

Your Account Isn't Verified!

In order to create a playlist on Sporcle, you need to verify the email address you used during registration. Go to your Sporcle Settings to finish the process.

Report this User

Report this user for behavior that violates our Community Guidelines.

Details: